| 000 | 00503nam a2200157 a 4500 | ||
|---|---|---|---|
| 001 | 000037977 | ||
| 005 | 20201002031139.0 | ||
| 008 | 130311s19uu dr 000 0 spa d | ||
| 040 |
_aDO-SdBNP _bspa _cBNPHU |
||
| 100 | 1 |
_aRepública Dominicana _bAlianza País _964384 |
|
| 245 | 1 | 0 |
_aMétodos de trabajo : _bmaterial de estudio del grupo inicai. |
| 260 |
_aSanto Domingo : _bAlianza Páis, _c[20-?]. |
||
| 300 |
_a15 p. ; _c22 cm. |
||
| 490 | 1 |
_aAlianza País _vno. 3 |
|
| 830 | 0 |
_aAlianza País _nno. 3 _964385 |
|
| 999 |
_c37467 _d37467 |
||